|
|
|
|
| LEADER |
00000nam0a2200000 4500 |
| 001 |
302740 |
| 005 |
20231102001532.0 |
| 035 |
|
|
|a (RuTPU)RU\TPU\book\327950
|
| 090 |
|
|
|a 302740
|
| 100 |
|
|
|a 20150826d1969 km y0rusy50 ca
|
| 101 |
0 |
|
|a rus
|
| 102 |
|
|
|a RU
|
| 105 |
|
|
|a a z 001zy
|
| 200 |
1 |
|
|a Основы радиоэлектроники. Линейные электромагнитные процессы
|f А. М. Кугушев, Н. С. Голубева
|
| 210 |
|
|
|a Москва
|c Энергия
|d 1969
|
| 215 |
|
|
|a 880 с.
|c ил.
|
| 320 |
|
|
|a Библиогр.: с. 872-874.
|
| 320 |
|
|
|a Предметный указатель: с. 878-880.
|
| 606 |
1 |
|
|a Радиоэлектроника
|2 stltpush
|3 (RuTPU)RU\TPU\subj\69507
|9 84342
|
| 610 |
1 |
|
|a электромагнитные процессы
|
| 610 |
1 |
|
|a электромагнитные поля
|
| 610 |
1 |
|
|a уравнения
|
| 610 |
1 |
|
|a монохроматическое поле
|
| 610 |
1 |
|
|a неограниченные среды
|
| 610 |
1 |
|
|a ограниченные среды
|
| 610 |
1 |
|
|a статическое поле
|
| 610 |
1 |
|
|a стационарное поле
|
| 610 |
1 |
|
|a цепи переменного тока
|
| 610 |
1 |
|
|a цепи с сосредоточенными постоянными
|
| 610 |
1 |
|
|a переходные процессы
|
| 610 |
1 |
|
|a математические дополнения
|
| 675 |
|
|
|a 621.37/.39
|v 3
|
| 700 |
|
1 |
|a Кугушев
|b А. М.
|g Александр Михайлович
|
| 701 |
|
1 |
|a Голубева
|b Н. С.
|g Нина Сергеевна
|
| 801 |
|
1 |
|a RU
|b 63413507
|c 20150826
|
| 801 |
|
2 |
|a RU
|b 63413507
|c 20221017
|g RCR
|
| 942 |
|
|
|c BK
|